Most Common Colors on Countries' National Flags (in Order by Area) - Statistics

General Stats
  • This quiz has been taken 474 times
  • The average score is 7 of 10
Answer Stats
Area (%) Color % Correct
30.32 red
100%
20.21 blue
99%
18.26 white
96%
14.94 green
94%
9.56 yellow
88%
5.12 black
83%
0.92 orange
68%
0.53 purple
51%
0.11 brown
31%
0.03 grey
26%
No matching quizzes found
Score Distribution
Percent of People with Each Score
Percentile by Number Answered
Your Score History
You have not taken this quiz